Farmer Sucides In Tamilnadu / (Record no. 211920)

MARC details
000 -LEADER
fixed length control field 00601nam a22001937a 4500
005 - DATE AND TIME OF LATEST TRANSACTION
control field 20250624124922.0
010 ## - LCCN (DPL NO)
LC control number ENG-145524
020 ## - INTERNATIONAL STANDARD BOOK NUMBER
Terms of availability 300.00
International Standard Book Number 9789389658347
035 ## - SYSTEM CONTROL NUMBER
System control number EN-129056
037 ## - SOURCE OF ACQUISITION
Source of stock number/acquisition DBAD/PUB
082 ## - DEWEY DECIMAL CLASSIFICATION NUMBER
Classification number 338.10954
100 ## - MAIN ENTRY--PERSONAL NAME
Personal name Ponnarasu, S
245 ## - TITLE STATEMENT
Title Farmer Sucides In Tamilnadu /
Statement of responsibility, etc S.Ponnarasu
250 ## - EDITION STATEMENT
Edition statement 1
260 ## - PUBLICATION, DISTRIBUTION, ETC. (IMPRINT)
Place of publication, distribution, etc Tamil Nadu
Name of publisher, distributor, etc Shanlax Publication
Date of publication, distribution, etc 2017
270 ## - ADDRESS
City Tamil Nadu
Address 61,66 T.P.K. Main Road Vasantha Nagar Madurai
Postal code 625003
Telephone number 04524208765
-- 7639303383
300 ## - PHYSICAL DESCRIPTION
Extent 219 .p
Dimensions 21cm(pbk)
942 ## - ADDED ENTRY ELEMENTS (KOHA)
Source of classification or shelving scheme Dewey Decimal Classification
Item type English Books
Classification part 338.10954
Call number suffix PON
Holdings
Withdrawn status Lost status Not for loan Collection code Home library Current library Date acquired Cost, normal purchase price Full call number Barcode Copy number Cost, replacement price Koha item type
    Not For Loan Non-fiction D.B.Act.Division D.B.Act.Division 24/06/2025 300.00 338.10954 PON EN-129056 1 300.00 English Books

© Delhi Public Library
Hit Counter
free hit counter